Štatistická ročenka okresu Rimavská Sobota 1981

Salvato in:
Dettagli Bibliografici
Natura: Libro
Lingua:slovacco
Pubblicazione: Rimavská Sobota Slovenský štatistický úrad 1981
Soggetti:
Tags: Aggiungi Tag
Nessun Tag, puoi essere il primo ad aggiungerne!!

MARC

LEADER 00000nam a2200000 4500
001 c135175
005 20260116115950.6
041 0 |a slo 
044 |a SK 
245 1 0 |a Štatistická ročenka okresu Rimavská Sobota 1981 
264 1 |a Rimavská Sobota  |b Slovenský štatistický úrad  |c 1981 
300 |a 246 s. 
610 2 0 |a Slovensko